Central Library and Information Centre
Sibsagar Girls' College, Sivasagar : Assam

TULANAMULAK SARKAR (Record no. 6429)

MARC details
000 -LEADER
fixed length control field 00389cam a2200169ua 4500
008 - FIXED-LENGTH DATA ELEMENTS--GENERAL INFORMATION
fixed length control field 160516n II |||gr||||Z||||||eng
040 ## - CATALOGING SOURCE
Original cataloging agency MAIN
041 ## - LANGUAGE CODE
-- English
082 ## - DEWEY DECIMAL CLASSIFICATION NUMBER
Classification number 320.3 SHE
100 ## - MAIN ENTRY--PERSONAL NAME
Personal name SHEK , GULZAR ALI .
245 ## - TITLE STATEMENT
Title TULANAMULAK SARKAR
260 ## - PUBLICATION, DISTRIBUTION, ETC.
Place of publication, distribution, etc. GAURIPUR:
Name of publisher, distributor, etc. BINDU KANU,
Date of publication, distribution, etc. 1979.
300 ## - PHYSICAL DESCRIPTION
Extent 240.
942 ## - ADDED ENTRY ELEMENTS (KOHA)
Koha item type Books
653 ## - INDEX TERM--UNCONTROLLED
Uncontrolled term COMPARATIVE GOVERNMENT
Holdings
Withdrawn status Lost status Damaged status Not for loan Collection code Home library Current library Shelving location Date acquired Full call number Barcode Date last seen Copy number Price effective from Koha item type Public note
Withdrawn       TBPSC Central Library and Information Centre Sibsagar Girls College Central Library and Information Centre Sibsagar Girls College Withdraw items 27.03.1980 320.3 SHE 05833 27.02.2020 1 27.02.2020 Books V


Sibsagar Girl's College © 2020. All rights reserved.
Powered by Koha.
Maintained by Abhijit Borpuzari.